00419 2200157 4500001002100000005001500021035002000036245004700056100002300103250002000126300003100146260003400177082001100211084001700222020002200239INLIS00000000001728920260604100250 a0010-06260000111 aPSIKOLOGI PENDIDIKAN /cFURTASAN ALI YUSUF0 aFURTASAN ALI YUSUF aCetakan Pertama axii, 302 hlm ;c15 x 23 cm aDEPOK :bRAJAWALI PERS,c2022 a370.15 a370.15 FUR p a978-623-372-386-2